[Event "Easter op"]
[Site "Winnipeg CAN"]
[Date "2005.04.16"]
[Round "3"]
[White "Oberton, Daniel"]
[Black "Cheyne, Andrew"]
[Result "0-1"]
[WhiteElo "1398"]
[BlackElo "1340"]
[PlyCount "84"]
[GameId "2160767910968752"]
[EventDate "2005.04.15"]
[EventType "swiss"]
[EventRounds "5"]
[EventCountry "CAN"]
[SourceTitle "EXT 2006"]
[Source "ChessBase"]
[SourceDate "2005.11.24"]
[SourceVersion "1"]
[SourceVersionDate "2005.11.24"]
[SourceQuality "1"]

1. e4 e5 2. f4 exf4 3. Nf3 Be7 4. g3 fxg3 5. hxg3 d6 6. Nc3 Nc6 7. d4 Bg4 8. Be2 Nf6 9. Bf4 O-O 10. Qd2 a5 11. d5 Bxf3 12. Bxf3 Ne5 13. Bxe5 dxe5 14. g4 h6 15. Qh2 Nh7 16. Qxe5 Ng5 17. Qf4 Re8 18. Bg2 Bb4 19. Qd2 Nxe4 20. Bxe4 Rxe4+ 21. Kd1 Rxg4 22. a3 Bxc3 23. bxc3 Rg5 24. c4 c6 25. dxc6 Qxd2+ 26. Kxd2 bxc6 27. Rae1 f5 28. Re7 f4 29. Rf1 Rf8 30. Rc7 Rc5 31. Rg1 g5 32. Rh1 Rf6 33. Ra7 f3 34. Ke3 Rxc4 35. Rxa5 Rxc2 36. Ra7 f2 37. Rf1 Re6+ 38. Kd3 Re1 39. Rxe1 fxe1=Q 40. Kxc2 Qe2+ 41. Kc3 Qe3+ 42. Kc4 Qxa7 0-1

[Event "Easter op"]
[Site "Winnipeg CAN"]
[Date "2005.04.16"]
[Round "3"]
[White "Rutter, Blair"]
[Black "Podmoroff, Yuri"]
[Result "1-0"]
[WhiteElo "1760"]
[BlackElo "1365"]
[PlyCount "61"]
[GameId "2160767910968753"]
[EventDate "2005.04.15"]
[EventType "swiss"]
[EventRounds "5"]
[EventCountry "CAN"]
[SourceTitle "EXT 2006"]
[Source "ChessBase"]
[SourceDate "2005.11.24"]
[SourceVersion "1"]
[SourceVersionDate "2005.11.24"]
[SourceQuality "1"]

1. d4 d5 2. c4 e6 3. Nc3 Nf6 4. Bg5 Be7 5. Nf3 O-O 6. e3 Nc6 7. Qc2 h6 8. Bh4 Nh7 9. Bg3 Ng5 10. Nxg5 Bxg5 11. Nb5 a6 12. Nxc7 Ra7 13. cxd5 exd5 14. Be2 Be7 15. Nxa6 Nxd4 16. exd4 bxa6 17. O-O Bd6 18. Bxd6 Qxd6 19. Rac1 Re7 20. Bd3 Bd7 21. Qc5 Qe6 22. a3 Rc8 23. Qa5 Rxc1 24. Rxc1 Bb5 25. Bxb5 axb5 26. Qxb5 Qe4 27. Qb4 Rc7 28. Qb8+ Kh7 29. Qxc7 Qxd4 30. Qxf7 Qxb2 31. Qf5+ 1-0

[Event "Easter op"]
[Site "Winnipeg CAN"]
[Date "2005.04.16"]
[Round "3"]
[White "Wasserman, Leor"]
[Black "Fastershank, Anthony"]
[Result "1-0"]
[WhiteElo "966"]
[BlackElo "1214"]
[PlyCount "101"]
[GameId "2160767910968754"]
[EventDate "2005.04.15"]
[EventType "swiss"]
[EventRounds "5"]
[EventCountry "CAN"]
[SourceTitle "EXT 2006"]
[Source "ChessBase"]
[SourceDate "2005.11.24"]
[SourceVersion "1"]
[SourceVersionDate "2005.11.24"]
[SourceQuality "1"]

1. e4 e5 2. Nf3 Nc6 3. g3 Nf6 4. Nc3 Bb4 5. Bg2 O-O 6. O-O d6 7. d4 exd4 8. Nxd4 Bxc3 9. bxc3 Nxd4 10. cxd4 Be6 11. d5 Bg4 12. f3 Bd7 13. Bg5 h6 14. Bxf6 Qxf6 15. Qb1 Qd8 16. Qxb7 Rb8 17. Qxa7 Qc8 18. Rfb1 Rxb1+ 19. Rxb1 Bh3 20. g4 Bxg2 21. Kxg2 Qa8 22. Qxa8 Rxa8 23. Ra1 Kh7 24. f4 Ra3 25. e5 dxe5 26. fxe5 Re3 27. e6 fxe6 28. dxe6 Rxe6 29. a4 Re2+ 30. Kg3 Rxc2 31. a5 Rb2 32. a6 Rb8 33. a7 Ra8 34. Kf4 g5+ 35. Ke4 h5 36. gxh5 Kh6 37. Kd5 Kxh5 38. Kc6 g4 39. Kb7 Rh8 40. a8=Q Rh7 41. Kc6 Rh6+ 42. Kd5 Kg5 43. Qd8+ Kf4 44. Rf1+ Ke3 45. Qg5+ Ke2 46. Qxh6 Kxf1 47. Qh4 Kg1 48. Qxg4+ Kxh2 49. Ke4 Kh1 50. Kf3 Kh2 51. Qg2# 1-0

[Event "Easter op"]
[Site "Winnipeg CAN"]
[Date "2005.04.17"]
[Round "4"]
[White "Bertrand, Daryl"]
[Black "Zaczek, Jonathon"]
[Result "1-0"]
[WhiteElo "1942"]
[BlackElo "2025"]
[PlyCount "85"]
[GameId "2160767910968755"]
[EventDate "2005.04.15"]
[EventType "swiss"]
[EventRounds "5"]
[EventCountry "CAN"]
[SourceTitle "EXT 2006"]
[Source "ChessBase"]
[SourceDate "2005.11.24"]
[SourceVersion "1"]
[SourceVersionDate "2005.11.24"]
[SourceQuality "1"]

1. e4 c5 2. Nf3 d6 3. Bb5+ Bd7 4. Qe2 e6 5. c3 a6 6. Bxd7+ Nxd7 7. d4 cxd4 8. cxd4 Ngf6 9. Nc3 e5 10. O-O Be7 11. Rd1 exd4 12. Nxd4 O-O 13. Nf5 Re8 14. Nxd6 Bxd6 15. Rxd6 Qa5 16. Be3 Ne5 17. Rad1 Neg4 18. f3 Nxe3 19. Qxe3 b5 20. Qg5 h6 21. Qf5 Rad8 22. Qc5 Rc8 23. Qb6 Qb4 24. R1d2 Ra8 25. R6d4 Qe7 26. Nd5 Nxd5 27. Rxd5 Rec8 28. g3 Qb4 29. Qd4 Qxd4+ 30. R5xd4 Rc1+ 31. Kf2 Ra7 32. e5 Rac7 33. Ke3 Kf8 34. f4 Ke7 35. Rd6 a5 36. a3 b4 37. axb4 axb4 38. Rb6 R1c4 39. f5 R7c6 40. Rxc6 Rxc6 41. Rd4 Rc5 42. Rxb4 Rxe5+ 43. Re4 1-0

[Event "Easter op"]
[Site "Winnipeg CAN"]
[Date "2005.04.17"]
[Round "4"]
[White "Cheyne, Andrew"]
[Black "Kohalmi, Andy"]
[Result "1/2-1/2"]
[WhiteElo "1340"]
[BlackElo "1605"]
[PlyCount "85"]
[GameId "2160767910968756"]
[EventDate "2005.04.15"]
[EventType "swiss"]
[EventRounds "5"]
[EventCountry "CAN"]
[SourceTitle "EXT 2006"]
[Source "ChessBase"]
[SourceDate "2005.11.24"]
[SourceVersion "1"]
[SourceVersionDate "2005.11.24"]
[SourceQuality "1"]

1. e4 d5 2. exd5 Qxd5 3. Nc3 Qa5 4. Nf3 Nf6 5. d4 Ne4 6. Qd3 Bf5 7. Qb5+ Qxb5 8. Nxb5 Na6 9. Bf4 Nd6 10. Nxd6+ exd6 11. Bxa6 bxa6 12. O-O-O h6 13. h3 Be7 14. Rhe1 Kd7 15. Re3 Rab8 16. Rde1 Bf6 17. Ra3 Rb6 18. Bd2 Rhb8 19. b3 Rc6 20. c3 Bd3 21. Ra4 Bb5 22. Rb4 a5 23. Rxb5 Rxb5 24. c4 Rf5 25. Kc2 Ra6 26. a4 g5 27. d5 h5 28. Re2 c6 29. dxc6+ Rxc6 30. Be3 Rc7 31. Rd2 a6 32. Nd4 Bxd4 33. Rxd4 Kc6 34. g3 Re7 35. h4 f6 36. Kc3 Rfe5 37. hxg5 fxg5 38. Kd3 Rb7 39. Kc3 Rh7 40. Rd2 Rhe7 41. Rd3 Re4 42. Bxg5 Rh7 43. Be3 1/2-1/2

[Event "Easter op"]
[Site "Winnipeg CAN"]
[Date "2005.04.17"]
[Round "4"]
[White "Gannon, Keith"]
[Black "Khedkar, Jay S"]
[Result "0-1"]
[WhiteElo "1573"]
[BlackElo "1970"]
[PlyCount "106"]
[GameId "2160767910968758"]
[EventDate "2005.04.15"]
[EventType "swiss"]
[EventRounds "5"]
[EventCountry "CAN"]
[SourceTitle "EXT 2006"]
[Source "ChessBase"]
[SourceDate "2005.11.24"]
[SourceVersion "1"]
[SourceVersionDate "2005.11.24"]
[SourceQuality "1"]

1. d4 Nf6 2. c4 e6 3. Nc3 d5 4. e3 Nbd7 5. Nf3 Be7 6. cxd5 exd5 7. Bd3 O-O 8. O-O Re8 9. Re1 Nf8 10. Bd2 Bg4 11. Be2 Ng6 12. h3 Bf5 13. Bb5 c6 14. Ba4 Bd6 15. Bc2 Qd7 16. Bxf5 Qxf5 17. Qb1 Ne4 18. Qc2 Qf6 19. Bc1 Re6 20. a3 Rae8 21. b4 Nh4 22. Nxh4 Qxh4 23. Nxe4 dxe4 24. Bb2 Rg6 25. Kf1 Qg5 26. g4 Qh4 27. Kg2 h5 28. Qe2 Rxg4+ 29. Qxg4 hxg4 30. hxg4 Qxg4+ 31. Kf1 Re6 32. Re2 Rh6 33. Ke1 Rh1+ 34. Kd2 Rxa1 35. Bxa1 Qg1 36. Bb2 Qb1 37. Bc1 a5 38. bxa5 Bc7 39. Kd1 Bxa5 40. Rc2 Qb3 41. Bd2 Qd3 42. Kc1 Qxa3+ 43. Kd1 Bxd2 44. Rxd2 b5 45. Ke2 b4 46. f3 exf3+ 47. Kxf3 b3 48. d5 cxd5 49. Rxd5 Qa8 50. e4 Qxd5 51. exd5 b2 52. d6 b1=Q 53. d7 Qd1+ 0-1

[Event "Easter op"]
[Site "Winnipeg CAN"]
[Date "2005.04.17"]
[Round "4"]
[White "Joven, Perfecto"]
[Black "Rutter, Blair"]
[Result "1-0"]
[WhiteElo "2087"]
[BlackElo "1760"]
[PlyCount "75"]
[GameId "2160767910968759"]
[EventDate "2005.04.15"]
[EventType "swiss"]
[EventRounds "5"]
[EventCountry "CAN"]
[SourceTitle "EXT 2006"]
[Source "ChessBase"]
[SourceDate "2005.11.24"]
[SourceVersion "1"]
[SourceVersionDate "2005.11.24"]
[SourceQuality "1"]

1. e4 e6 2. d3 d5 3. e5 c5 4. g3 Nc6 5. Nf3 Nge7 6. c3 Nf5 7. d4 cxd4 8. Bd3 dxc3 9. Nxc3 Ncd4 10. Nxd4 Nxd4 11. Be3 Nc6 12. Bb5 Bd7 13. O-O Nxe5 14. Re1 Bxb5 15. Nxb5 Nc6 16. Bf4 Rc8 17. Qh5 Be7 18. Rad1 O-O 19. Qg4 Bf6 20. Nd6 Rb8 21. Ne4 e5 22. Rxd5 Qe7 23. Rd6 h5 24. Qxh5 Qxd6 25. Nxd6 exf4 26. gxf4 Bxb2 27. Re3 g6 28. Qh4 Kg7 29. Qg4 Rbd8 30. Nf5+ Kg8 31. Rh3 Bf6 32. Rh6 Bg7 33. Nxg7 Kxg7 34. Rh3 Nd4 35. Rg3 f5 36. Qh4 Rd7 37. Rh3 Rg8 38. Qh7+ 1-0

[Event "Easter op"]
[Site "Winnipeg CAN"]
[Date "2005.04.17"]
[Round "5"]
[White "Anderson, George"]
[Black "Wasserman, Leor"]
[Result "1-0"]
[WhiteElo "1431"]
[BlackElo "966"]
[PlyCount "67"]
[GameId "2160767910968761"]
[EventDate "2005.04.15"]
[EventType "swiss"]
[EventRounds "5"]
[EventCountry "CAN"]
[SourceTitle "EXT 2006"]
[Source "ChessBase"]
[SourceDate "2005.11.24"]
[SourceVersion "1"]
[SourceVersionDate "2005.11.24"]
[SourceQuality "1"]

1. e4 e5 2. Nf3 Nc6 3. d4 exd4 4. c3 Bc5 5. Bc4 dxc3 6. Qb3 Qe7 7. Nxc3 Nf6 8. Bg5 h6 9. Bh4 O-O 10. O-O Na5 11. Qa4 Nc6 12. Nd5 Qd6 13. Nxf6+ gxf6 14. Bg3 Qe7 15. Rfe1 Bb4 16. Re2 a6 17. Qb3 b5 18. Bd5 Bb7 19. Rd1 d6 20. Bxc6 Bxc6 21. Qxb4 a5 22. Qd4 f5 23. Bh4 Qe6 24. e5 Bxf3 25. gxf3 dxe5 26. Qxe5 Qg6+ 27. Kh1 Qh5 28. Rg1+ Qg6 29. Rxg6+ fxg6 30. Qxc7 g5 31. Re7 Rfd8 32. Rg7+ Kh8 33. Rh7+ Kg8 34. Qg7# 1-0

[Event "Easter op"]
[Site "Winnipeg CAN"]
[Date "2005.04.17"]
[Round "5"]
[White "Khedkar, Jay S"]
[Black "Joven, Perfecto"]
[Result "1-0"]
[WhiteElo "1970"]
[BlackElo "2087"]
[PlyCount "77"]
[GameId "2160767910968763"]
[EventDate "2005.04.15"]
[EventType "swiss"]
[EventRounds "5"]
[EventCountry "CAN"]
[SourceTitle "EXT 2006"]
[Source "ChessBase"]
[SourceDate "2005.11.24"]
[SourceVersion "1"]
[SourceVersionDate "2005.11.24"]
[SourceQuality "1"]

1. e4 c5 2. Nf3 e6 3. d4 cxd4 4. Nxd4 Nc6 5. Nb5 d6 6. c4 Nf6 7. N1c3 a6 8. Nd4 Be7 9. Be3 O-O 10. Be2 Qc7 11. O-O Bd7 12. Rc1 Rac8 13. f3 Qb8 14. Qd2 Ne5 15. b3 Rfe8 16. h3 h6 17. f4 Ng6 18. g3 Bf8 19. Kh2 d5 20. e5 Nh7 21. cxd5 exd5 22. Nxd5 Rcd8 23. Bf3 Be6 24. Nc7 Re7 25. Ncxe6 fxe6 26. Qc2 Nh8 27. Be4 g6 28. Bxg6 Nxg6 29. Qxg6+ Kh8 30. Nxe6 Rdd7 31. Nxf8 Nxf8 32. Qxh6+ Rh7 33. Qf6+ Kg8 34. e6 Rde7 35. f5 Qe8 36. Rc4 Qh5 37. Qg5+ Reg7 38. Qxh5 Rxh5 39. Rc8 1-0

[Event "Easter op"]
[Site "Winnipeg CAN"]
[Date "2005.04.17"]
[Round "5"]
[White "Kohalmi, Andy"]
[Black "Oberton, Daniel"]
[Result "1/2-1/2"]
[WhiteElo "1605"]
[BlackElo "1398"]
[PlyCount "67"]
[GameId "2160767910968764"]
[EventDate "2005.04.15"]
[EventType "swiss"]
[EventRounds "5"]
[EventCountry "CAN"]
[SourceTitle "EXT 2006"]
[Source "ChessBase"]
[SourceDate "2005.11.24"]
[SourceVersion "1"]
[SourceVersionDate "2005.11.24"]
[SourceQuality "1"]

1. d4 Nf6 2. Nf3 g6 3. c4 Bg7 4. Nc3 d6 5. g3 Bf5 6. Bg2 O-O 7. Nh4 c6 8. Nxf5 gxf5 9. O-O d5 10. cxd5 cxd5 11. e3 Nc6 12. b3 Rc8 13. Bb2 e6 14. Rc1 Qd7 15. Qe2 a6 16. Na4 Qd6 17. Rc2 Nb4 18. Rxc8 Rxc8 19. Ba3 a5 20. Qb5 b6 21. Bxb4 axb4 22. Qxb6 Qxb6 23. Nxb6 Rc6 24. Na4 Rc2 25. Ra1 Ne4 26. Bxe4 fxe4 27. a3 bxa3 28. Rxa3 e5 29. dxe5 Bxe5 30. b4 Rc1+ 31. Kg2 Rb1 32. Nb6 Rxb4 33. Nxd5 Rc4 34. Ra5 1/2-1/2

[Event "Easter op"]
[Site "Winnipeg CAN"]
[Date "2005.04.17"]
[Round "5"]
[White "Podmoroff, Yuri"]
[Black "Gannon, Keith"]
[Result "1-0"]
[WhiteElo "1365"]
[BlackElo "1573"]
[PlyCount "97"]
[GameId "2160767910968765"]
[EventDate "2005.04.15"]
[EventType "swiss"]
[EventRounds "5"]
[EventCountry "CAN"]
[SourceTitle "EXT 2006"]
[Source "ChessBase"]
[SourceDate "2005.11.24"]
[SourceVersion "1"]
[SourceVersionDate "2005.11.24"]
[SourceQuality "1"]

1. e4 e5 2. Nf3 d6 3. Nc3 Nf6 4. d4 exd4 5. Nxd4 Be7 6. Be3 a6 7. Qd2 Bd7 8. Bd3 Nc6 9. O-O-O Ng4 10. Kb1 Nxe3 11. Qxe3 Nxd4 12. Qxd4 Bf6 13. Qb4 Bxc3 14. Qxc3 O-O 15. h4 Re8 16. Rde1 Bc6 17. h5 Qg5 18. f3 Qe5 19. Qxe5 dxe5 20. g4 h6 21. Reg1 f6 22. Bc4+ Kf8 23. Rd1 Rad8 24. a3 Rd7 25. Rxd7 Bxd7 26. Rd1 Re7 27. b3 c6 28. a4 b5 29. axb5 axb5 30. Be2 Kf7 31. Rd6 g6 32. hxg6+ Kxg6 33. c4 bxc4 34. bxc4 Kg5 35. Kc2 Rg7 36. c5 Be8 37. Re6 Bd7 38. Rd6 Be8 39. Re6 Rg8 40. Kd2 Rf8 41. Ke3 Rh8 42. Ba6 h5 43. gxh5 Bxh5 44. Rxc6 f5 45. exf5 Kxf5 46. Rc8 Rh7 47. Bd3+ Ke6 48. Bxh7 Kd7 49. Bf5+ 1-0

[Event "Easter op"]
[Site "Winnipeg CAN"]
[Date "2005.04.17"]
[Round "5"]
[White "Rutter, Blair"]
[Black "Bertrand, Daryl"]
[Result "0-1"]
[WhiteElo "1760"]
[BlackElo "1942"]
[PlyCount "88"]
[GameId "2160767910968766"]
[EventDate "2005.04.15"]
[EventType "swiss"]
[EventRounds "5"]
[EventCountry "CAN"]
[SourceTitle "EXT 2006"]
[Source "ChessBase"]
[SourceDate "2005.11.24"]
[SourceVersion "1"]
[SourceVersionDate "2005.11.24"]
[SourceQuality "1"]

1. c4 e6 2. g3 d5 3. cxd5 exd5 4. Bg2 Be7 5. d4 c6 6. Nc3 Nf6 7. f4 Bf5 8. Nf3 Ne4 9. Qb3 Qc7 10. Bd2 Nd7 11. Rc1 Qb6 12. e3 Ndf6 13. Ne5 Qxb3 14. axb3 Nxc3 15. bxc3 Be4 16. Nf3 O-O 17. Ke2 c5 18. Rhg1 c4 19. bxc4 dxc4 20. Ne5 Bxg2 21. Rxg2 b5 22. Rgg1 Ne4 23. Ra1 Rfc8 24. Rgb1 a6 25. Kd1 b4 26. Kc2 a5 27. Ra4 f6 28. Nf3 b3+ 29. Kb2 Bd8 30. Rf1 Rab8 31. Bc1 Be7 32. Bd2 Rb5 33. Rfa1 Bd8 34. Rc1 Nf2 35. Ne1 Rh5 36. h4 g5 37. fxg5 fxg5 38. e4 gxh4 39. gxh4 Rxh4 40. e5 Re4 41. Kb1 Re2 42. Bf4 b2 43. Rc2 Rxe1+ 44. Kxb2 Nd3+ 0-1

[Event "Easter op"]
[Site "Winnipeg CAN"]
[Date "2005.04.17"]
[Round "5"]
[White "Zaczek, Jonathon"]
[Black "Cheyne, Andrew"]
[Result "1-0"]
[WhiteElo "2025"]
[BlackElo "1340"]
[PlyCount "47"]
[GameId "2160767910968767"]
[EventDate "2005.04.15"]
[EventType "swiss"]
[EventRounds "5"]
[EventCountry "CAN"]
[SourceTitle "EXT 2006"]
[Source "ChessBase"]
[SourceDate "2005.11.24"]
[SourceVersion "1"]
[SourceVersionDate "2005.11.24"]
[SourceQuality "1"]

1. e4 e5 2. Nf3 Nc6 3. Bb5 a6 4. Ba4 Nf6 5. O-O b5 6. Bb3 Bc5 7. c3 d6 8. d4 exd4 9. cxd4 Bb6 10. h3 O-O 11. Be3 Nxe4 12. Bd5 Nxf2 13. Rxf2 Re8 14. Bxc6 Rxe3 15. Bxa8 Bxh3 16. Bd5 Bd7 17. Nbd2 Re8 18. Qb3 Qf6 19. Ne4 Qf4 20. Neg5 Rf8 21. Re1 Bxd4 22. Nxd4 Qxg5 23. Bxf7+ Kh8 24. Ne6 1-0

[Event "Eastern Ontario op"]
[Site "Ottawa CAN"]
[Date "2005.06.11"]
[Round "1"]
[White "Pacey, Kevin"]
[Black "Poulin, Richard"]
[Result "1-0"]
[WhiteElo "2239"]
[BlackElo "1679"]
[PlyCount "55"]
[GameId "2160767910967949"]
[EventDate "2005.06.11"]
[EventType "swiss"]
[EventRounds "5"]
[EventCountry "CAN"]

1. e4 g6 2. d4 Bg7 3. Nc3 e6 4. f4 Ne7 5. Nf3 O-O 6. Bd3 d6 7. Be3 Nd7 8. Qd2 a6 9. O-O b5 10. f5 Nb6 11. fxe6 fxe6 12. Bh6 Bb7 13. Bxg7 Kxg7 14. a4 b4 15. Ne2 a5 16. Ng5 Qd7 17. Nf4 Rf6 18. Nfxe6+ Rxe6 19. Qf4 Ng8 20. Qf7+ Qxf7 21. Rxf7+ Kh6 22. Nxe6 Bxe4 23. Bxe4 Re8 24. d5 c6 25. g4 cxd5 26. g5+ Kh5 27. Bf3+ Kh4 28. Rxh7+ 1-0

[Event "Eastern Ontario op"]
[Site "Ottawa CAN"]
[Date "2005.06.11"]
[Round "2"]
[White "Hardie, Mackenzie"]
[Black "Pacey, Kevin"]
[Result "0-1"]
[WhiteElo "1829"]
[BlackElo "2239"]
[PlyCount "70"]
[GameId "2160767910967950"]
[EventDate "2005.06.11"]
[EventType "swiss"]
[EventRounds "5"]
[EventCountry "CAN"]

1. e4 e5 2. Nf3 Nc6 3. d4 exd4 4. Nxd4 Qf6 5. Be3 Bc5 6. c3 Nge7 7. Nc2 Bxe3 8. Nxe3 O-O 9. Be2 Qe5 10. Nd2 d5 11. exd5 Nxd5 12. Nxd5 Qxd5 13. Nf3 Qxd1+ 14. Rxd1 Re8 15. Rd2 Be6 16. b3 Rad8 17. Rxd8 Rxd8 18. O-O Kf8 19. Rd1 Rxd1+ 20. Bxd1 Bg4 21. h3 Bh5 22. g4 Bg6 23. Kf1 Ke7 24. Ke2 Kd6 25. Ke3 Ne7 26. Nd2 Nd5+ 27. Kd4 c5+ 28. Kc4 b5+ 29. Kxb5 Nxc3+ 30. Ka6 Bd3+ 31. Kxa7 Nxd1 32. Nc4+ Bxc4 33. bxc4 Nc3 34. a3 Ke5 35. Kb6 Kd4 0-1

[Event "Eastern Ontario op"]
[Site "Ottawa CAN"]
[Date "2005.06.11"]
[Round "3"]
[White "Pacey, Kevin"]
[Black "Bertrand, Daryl"]
[Result "1-0"]
[WhiteElo "2239"]
[BlackElo "1989"]
[PlyCount "45"]
[GameId "2160767910967951"]
[EventDate "2005.06.11"]
[EventType "swiss"]
[EventRounds "5"]
[EventCountry "CAN"]

1. b3 e6 2. Bb2 d5 3. e3 c6 4. f4 Nf6 5. Nf3 Nbd7 6. Be2 Bd6 7. O-O Qb6 8. Qe1 Bxf4 9. Bd4 c5 10. Bxf6 Bxe3+ 11. dxe3 Nxf6 12. Ne5 c4 13. Qc3 Ne4 14. Qd4 Qxd4 15. exd4 f6 16. Nf3 b5 17. a4 bxa4 18. bxc4 Bd7 19. Nfd2 Nd6 20. cxd5 exd5 21. c4 Nf5 22. cxd5 Nxd4 23. Bd1 1-0

[Event "Eastern Ontario op"]
[Site "Ottawa CAN"]
[Date "2005.06.12"]
[Round "5"]
[White "Gordon, David"]
[Black "Pacey, Kevin"]
[Result "1/2-1/2"]
[WhiteElo "2098"]
[BlackElo "2239"]
[PlyCount "42"]
[GameId "2160767910967952"]
[EventDate "2005.06.11"]
[EventType "swiss"]
[EventRounds "5"]
[EventCountry "CAN"]

1. d4 d5 2. c4 e6 3. Nc3 Be7 4. Nf3 Nf6 5. g3 O-O 6. Bg2 c5 7. cxd5 exd5 8. dxc5 Bxc5 9. Bg5 d4 10. Ne4 Bb4+ 11. Kf1 Nc6 12. Nxf6+ gxf6 13. Bd2 Bc5 14. b4 Nxb4 15. Bxb4 Bxb4 16. Qxd4 Qxd4 17. Nxd4 Bc3 18. Rd1 Rd8 19. e3 Be6 20. Bxb7 Rab8 21. Bf3 Bxa2 1/2-1/2

[Event "Edmonton Active inv."]
[Site "Edmonton CAN"]
[Date "2005.05.29"]
[Round "1"]
[White "Reeve, Jeff"]
[Black "Haynes, Nicolas"]
[Result "1/2-1/2"]
[WhiteElo "2288"]
[BlackElo "1647"]
[PlyCount "65"]
[GameId "2160767910968100"]
[EventDate "2005.05.29"]
[EventType "tourn (rapid)"]
[EventRounds "5"]
[EventCountry "CAN"]
[WhiteTeam "Canada"]
[BlackTeam "Canada"]
[WhiteTeamCountry "CAN"]
[BlackTeamCountry "CAN"]

1. Nf3 e6 2. d4 d5 3. g3 f5 4. Bg2 Nf6 5. O-O Be7 6. c4 O-O 7. b3 Nc6 8. Ba3 Nb4 9. Ne5 c6 10. c5 Na6 11. b4 Nd7 12. e3 Nc7 13. Bb2 Nxe5 14. dxe5 a5 15. a3 axb4 16. axb4 Rxa1 17. Bxa1 Na6 18. Qa4 b6 19. Bd4 bxc5 20. bxc5 Nxc5 21. Bxc5 Bxc5 22. Qxc6 Qb6 23. Qxb6 Bxb6 24. Nd2 Bc7 25. f4 Bb6 26. Re1 Ba6 27. Bf1 Ba5 28. Bxa6 Bxd2 29. Re2 Bc1 30. Kf2 Rb8 31. h3 Rb2 32. g4 Rxe2+ 33. Kxe2 1/2-1/2

[Event "Edmonton Active inv."]
[Site "Edmonton CAN"]
[Date "2005.05.29"]
[Round "2"]
[White "Pua, Richard"]
[Black "Gardner, Robert"]
[Result "0-1"]
[WhiteElo "1567"]
[BlackElo "2251"]
[PlyCount "60"]
[GameId "2160767910968101"]
[EventDate "2005.05.29"]
[EventType "tourn (rapid)"]
[EventRounds "5"]
[EventCountry "CAN"]
[WhiteTeam "Canada"]
[BlackTeam "Canada"]
[WhiteTeamCountry "CAN"]
[BlackTeamCountry "CAN"]

1. d4 Nf6 2. Bg5 c5 3. Bxf6 exf6 4. d5 Bd6 5. e3 O-O 6. Bd3 Re8 7. c3 Bf8 8. Qc2 g6 9. Ne2 d6 10. O-O Nd7 11. Bb5 a6 12. Bxd7 Bxd7 13. Nd2 b5 14. Rfe1 Ra7 15. a4 bxa4 16. c4 f5 17. Nc3 Qf6 18. Nxa4 Rb8 19. b3 Bg7 20. Ra2 f4 21. e4 Qe5 22. Nf3 Qe7 23. Nb2 Rab7 24. Nd2 f3 25. Nxf3 Rxb3 26. Nd3 Rc3 27. Qd2 Rxc4 28. Rxa6 Bc3 29. Qf4 Bxe1 30. Ndxe1 Rxe4 0-1

[Event "Edmonton Active inv."]
[Site "Edmonton CAN"]
[Date "2005.05.29"]
[Round "2"]
[White "Rekhson, Vladislav"]
[Black "Haynes, Nicolas"]
[Result "0-1"]
[WhiteElo "1598"]
[BlackElo "1647"]
[PlyCount "41"]
[GameId "2160767910968102"]
[EventDate "2005.05.29"]
[EventType "tourn (rapid)"]
[EventRounds "5"]
[EventCountry "CAN"]
[WhiteTeam "Canada"]
[BlackTeam "Canada"]
[WhiteTeamCountry "CAN"]
[BlackTeamCountry "CAN"]

1. e4 e5 2. Nf3 Nc6 3. Bb5 Nf6 4. d3 d6 5. Nbd2 Bd7 6. Nf1 g6 7. Bg5 Bg7 8. Ne3 h6 9. Bh4 O-O 10. Nd5 a6 11. Ba4 b5 12. Bb3 g5 13. Nxg5 hxg5 14. Bxg5 Nd4 15. c3 Nxb3 16. Qf3 Nxd5 17. Bxd8 Nxa1 18. Bg5 f6 19. Bd2 Ne7 20. g4 Bc6 21. Kd1 0-1

[Event "Edmonton Active inv."]
[Site "Edmonton CAN"]
[Date "2005.05.29"]
[Round "3"]
[White "Gardner, Robert"]
[Black "Rekhson, Vladislav"]
[Result "1/2-1/2"]
[WhiteElo "2251"]
[BlackElo "1598"]
[PlyCount "69"]
[GameId "2160767910968103"]
[EventDate "2005.05.29"]
[EventType "tourn (rapid)"]
[EventRounds "5"]
[EventCountry "CAN"]
[WhiteTeam "Canada"]
[BlackTeam "Canada"]
[WhiteTeamCountry "CAN"]
[BlackTeamCountry "CAN"]

1. e4 e5 2. Nf3 Nf6 3. Nxe5 d6 4. Nf3 Nxe4 5. Nc3 Nxc3 6. dxc3 Be7 7. Be3 Nc6 8. Qd2 Bg4 9. O-O-O Qd7 10. Be2 a6 11. h3 Bh5 12. Ne5 Nxe5 13. Bxh5 g6 14. Be2 O-O-O 15. f4 Nc6 16. f5 gxf5 17. Rdf1 Kb8 18. Bd3 Qe6 19. Kb1 Ne5 20. Bxf5 Nc4 21. Bxe6 Nxd2+ 22. Bxd2 fxe6 23. Rf7 Rde8 24. Bh6 Bf8 25. Bxf8 Rexf8 26. Rhf1 Rxf7 27. Rxf7 Rg8 28. Rxh7 Rxg2 29. b3 b5 30. h4 e5 31. h5 e4 32. Re7 Rh2 33. Rxe4 Rxh5 34. a4 Kb7 35. axb5 1/2-1/2

[Event "Edmonton Active inv."]
[Site "Edmonton CAN"]
[Date "2005.05.29"]
[Round "3"]
[White "Haynes, Nicolas"]
[Black "Pua, Richard"]
[Result "1-0"]
[WhiteElo "1647"]
[BlackElo "1567"]
[PlyCount "56"]
[GameId "2160767910968104"]
[EventDate "2005.05.29"]
[EventType "tourn (rapid)"]
[EventRounds "5"]
[EventCountry "CAN"]
[WhiteTeam "Canada"]
[BlackTeam "Canada"]
[WhiteTeamCountry "CAN"]
[BlackTeamCountry "CAN"]

1. d4 Nf6 2. Bg5 d5 3. Nc3 Nbd7 4. f3 h6 5. Bh4 g5 6. Bg3 e6 7. Nb5 e5 8. dxe5 Nh5 9. Qxd5 Nxg3 10. hxg3 Bg7 11. e6 fxe6 12. Qxe6+ Kf8 13. O-O-O a6 14. e4 axb5 15. Bxb5 Qf6 16. Qxf6+ Nxf6 17. e5 Nh7 18. Rd8+ Kf7 19. Rxh8 Bxh8 20. Bc4+ Kg6 21. f4 b5 22. Bd3+ Kg7 23. f5 Nf8 24. f6+ Kg8 25. Bxb5 Be6 26. a3 Ra5 27. a4 Bd7 28. b4 Ra7 1-0

[Event "Edmonton Active inv."]
[Site "Edmonton CAN"]
[Date "2005.05.29"]
[Round "4"]
[White "Haynes, Nicolas"]
[Black "Gardner, Robert"]
[Result "0-1"]
[WhiteElo "1647"]
[BlackElo "2251"]
[PlyCount "70"]
[GameId "2160767910968105"]
[EventDate "2005.05.29"]
[EventType "tourn (rapid)"]
[EventRounds "5"]
[EventCountry "CAN"]
[WhiteTeam "Canada"]
[BlackTeam "Canada"]
[WhiteTeamCountry "CAN"]
[BlackTeamCountry "CAN"]

1. d4 Nf6 2. c4 e6 3. Nc3 Bb4 4. e3 b6 5. Bd3 Bb7 6. Nge2 Ne4 7. O-O Bxc3 8. bxc3 f5 9. a4 O-O 10. a5 Rf6 11. f3 Nd6 12. Rb1 Nc6 13. c5 Nf7 14. a6 Bc8 15. Nf4 bxc5 16. dxc5 Rh6 17. Nh3 g5 18. e4 f4 19. Nf2 Nfe5 20. Be2 Qe7 21. Ba3 Qf7 22. h3 Rg6 23. Qa4 h5 24. Nd3 Nxd3 25. Bxd3 Ne5 26. Be2 g4 27. fxg4 hxg4 28. hxg4 Nxg4 29. Bxg4 Rxg4 30. e5 Qg6 31. Rb2 f3 32. Qc2 Rxg2+ 33. Qxg2 fxg2 34. Rxg2 Qxg2+ 35. Kxg2 Bxa6 0-1